[Event "CRO-chT3 East-A"]
[Site "Croatia"]
[Date "2005.04.03"]
[Round "3.1"]
[White "Stipandic, Marko"]
[Black "Sargac, Damir"]
[Result "1-0"]
[WhiteElo "2092"]
[BlackElo "2198"]
[PlyCount "141"]
[EventDate "2005.03.13"]
[EventType "team-tourn"]
[EventRounds "11"]
[EventCountry "CRO"]
[SourceTitle "EXT 2007"]
[Source "ChessBase"]
[SourceDate "2006.11.23"]
[SourceVersion "1"]
[SourceVersionDate "2006.11.23"]
[SourceQuality "1"]
[WhiteTeam "Spisice Bukovica"]
[BlackTeam "Slatina"]
[WhiteTeamCountry "CRO"]
[BlackTeamCountry "CRO"]

1. c4 b6 2. Nc3 Bb7 3. e4 c5 4. Nf3 Nc6 5. d4 cxd4 6. Nxd4 g6 7. Be3 Bg7 8. Be2 d6 9. 0-0 Nf6 10. Qd2 0-0 11. f3 Re8 12. Rac1 Nd7 13. Rfd1 Nc5 14. Nxc6 Bxc6 15. Bd4 Bf8 16. Nd5 Ne6 17. Be3 Bg7 18. b3 Rf8 19. Kh1 f5 20. exf5 Rxf5 21. Bd3 Rf7 22. Be4 Qd7 23. b4 Raf8 24. b5 Bb7 25. a4 Nc5 26. Bxc5 bxc5 27. a5 Be5 28. a6 Bf4 29. Nxf4 Bxe4 30. fxe4 Rxf4 31. Qd5+ Kh8 32. h3 Rh4 33. Rc3 Qg4 34. e5 Rh5 35. b6 axb6 36. a7 Qc8 37. Ra1 Qa8 38. Qxa8 Rxa8 39. Rb3 Rf5 40. Rxb6 Rff8 41. exd6 exd6 42. Rxd6 Rf7 43. Rc6 Rfxa7 44. Rxa7 Rxa7 45. Rxc5 Ra3 46. Rc7 Rc3 47. Kg1 Rc2 48. h4 h6 49. Kh2 Rc3 50. g3 h5 51. Kg2 Kg8 52. Kf2 Kh8 53. c5 Kg8 54. c6 Kh8 55. Ke2 Kg8 56. Kd2 Rc5 57. Kd3 Kf8 58. Kd4 Rc1 59. Kd5 Rc3 60. Rb7 Ke8 61. Kd6 Rd3+ 62. Kc7 Rc3 63. Rb5 Ke7 64. Re5+ Kf6 65. Re4 Kf5 66. Re2 Kf6 67. Kd7 Rd3+ 68. Kc8 Rc3 69. c7 Kf7 70. Rb2 Ke7 71. Kb7 1-0

[Event "CRO-chT3 East-A"]
[Site "Croatia"]
[Date "2005.03.13"]
[Round "1.1"]
[White "Sargac, Damir"]
[Black "Maras, Mile"]
[Result "1-0"]
[WhiteElo "2198"]
[BlackElo "2284"]
[PlyCount "123"]
[EventDate "2005.03.13"]
[EventType "team-tourn"]
[EventRounds "11"]
[EventCountry "CRO"]
[SourceTitle "EXT 2007"]
[Source "ChessBase"]
[SourceDate "2006.11.23"]
[SourceVersion "1"]
[SourceVersionDate "2006.11.23"]
[SourceQuality "1"]
[WhiteTeam "Slatina"]
[BlackTeam "Pleternica"]
[WhiteTeamCountry "CRO"]
[BlackTeamCountry "CRO"]

1. Nf3 Nf6 2. b3 d6 3. d4 c6 4. e3 Bg4 5. Bb2 Nbd7 6. h3 Bxf3 7. Qxf3 d5 8. Bd3 e6 9. Nd2 Bd6 10. e4 dxe4 11. Nxe4 Nxe4 12. Qxe4 Qa5+ 13. c3 Nf6 14. Qe2 Nd5 15. b4 Qc7 16. Bc2 a5 17. a3 axb4 18. cxb4 0-0 19. 0-0 Rfd8 20. Rfe1 g6 21. g3 Bf8 22. h4 Bg7 23. h5 Qe7 24. Rad1 Rd7 25. hxg6 hxg6 26. Kg2 Rad8 27. Rh1 Qg5 28. Bc1 Qf6 29. Qg4 Qe7 30. Bg5 Nf6 31. Qh4 Rd5 32. Rhe1 R8d7 33. Re3 Qd8 34. Rf3 Rxg5 35. Qxg5 Nd5 36. Qg4 Ne7 37. Rf4 Nf5 38. Bxf5 exf5 39. Qe2 Bf6 40. Qc4 Rd5 41. Rf3 Kg7 42. a4 Qd7 43. Rb3 f4 44. Qe2 fxg3 45. Rxg3 Rxd4 46. Rxd4 Qxd4 47. Rg4 Qd6 48. Qe4 Be5 49. Rg5 Bf4 50. Rc5 g5 51. Rc3 Qd7 52. Rd3 Qg4+ 53. Kf1 Qc8 54. a5 Qa8 55. Qd4+ Kg6 56. Qe4+ Kf6 57. Rd7 Qa6+ 58. Kg1 Be5 59. Qf3+ Bf4 60. Qb3 Kf5 61. Rxf7+ Kg4 62. Qd1+ 1-0

[Event "Mediterranean Flower (Women)"]
[Site "Rijeka"]
[Date "2003.03.15"]
[Round "9"]
[White "Medic, Mirjana"]
[Black "Sargac, Damir"]
[Result "1/2-1/2"]
[WhiteElo "2308"]
[BlackElo "2211"]
[PlyCount "47"]
[EventDate "2003.03.07"]
[EventType "tourn"]
[EventRounds "9"]
[EventCountry "CRO"]
[SourceTitle "CBM 093 Extra"]
[Source "ChessBase"]
[SourceDate "2003.05.09"]
[SourceVersion "1"]
[SourceVersionDate "2003.05.09"]
[SourceQuality "1"]

1. d4 d5 2. c4 e6 3. Nc3 Nf6 4. Bg5 Be7 5. cxd5 exd5 6. e3 0-0 7. Nf3 c6 8. Qc2 Nbd7 9. Bd3 Re8 10. 0-0 Nf8 11. a3 Be6 12. b4 Rc8 13. Rab1 h6 14. Bh4 N6h7 15. Bxe7 Qxe7 16. Bf5 Bxf5 17. Qxf5 Qe6 18. Qxe6 Nxe6 19. Rfc1 Nhf8 20. a4 Nd7 21. h3 Kf8 22. b5 Rc7 23. bxc6 bxc6 24. Rc2 1/2-1/2

[Event "Bizovac Metalis op 10th"]
[Site "Bizovac"]
[Date "2003.03.01"]
[Round "6"]
[White "Kristovic, Marijan"]
[Black "Sargac, Damir"]
[Result "1-0"]
[WhiteElo "2330"]
[BlackElo "2211"]
[PlyCount "113"]
[EventDate "2003.02.26"]
[EventType "swiss"]
[EventRounds "9"]
[EventCountry "CRO"]
[SourceTitle "CBM 092 Extra"]
[Source "ChessBase"]
[SourceDate "2003.03.07"]
[SourceVersion "1"]
[SourceVersionDate "2003.03.07"]
[SourceQuality "1"]

1. e4 c5 2. Nf3 Nc6 3. Nc3 e6 4. d4 cxd4 5. Nxd4 Nf6 6. Nxc6 bxc6 7. Bd3 e5 8. 0-0 Bc5 9. Qe2 h6 10. Be3 Be7 11. f4 d6 12. h3 Qa5 13. a3 exf4 14. Rxf4 Be6 15. Raf1 Rb8 16. Bd2 Qe5 17. Nd1 Nh5 18. R4f3 Ng3 19. Rxg3 Qxg3 20. Bf4 Qh4 21. Qe3 Bg5 22. Qxa7 Rd8 23. Qe3 Bxf4 24. Rxf4 Qg5 25. Rf3 Qxe3+ 26. Rxe3 0-0 27. a4 Ra8 28. b3 Rfe8 29. Kf2 Kf8 30. Nc3 Reb8 31. Ke1 Ke7 32. Kd2 Kd7 33. Ne2 Ra5 34. Nd4 c5 35. Bb5+ Kc7 36. Nxe6+ fxe6 37. Rg3 Rg8 38. Rg6 Rxb5 39. axb5 Kd7 40. c4 Ke7 41. e5 dxe5 42. Kc3 Kf7 43. Rg3 Ra8 44. Rf3+ Ke7 45. Kb2 Rd8 46. Rg3 g5 47. b4 cxb4 48. Kb3 Rd4 49. Kxb4 e4 50. Rb3 Kd6 51. b6 Kc6 52. b7 Rd8 53. Ka5 Rb8 54. Ka6 e3 55. Rxe3 Re8 56. Ka7 Re7 57. Ka8 1-0

[Event "Bosnjaci op 9th"]
[Site "Bosnjaci"]
[Date "2003.01.06"]
[Round "6"]
[White "Jovanovic, Zoran"]
[Black "Sargac, Damir"]
[Result "1-0"]
[WhiteElo "2407"]
[BlackElo "2211"]
[PlyCount "41"]
[EventDate "2003.01.03"]
[EventType "swiss"]
[EventRounds "7"]
[EventCountry "CRO"]
[SourceTitle "EXT 2004"]
[Source "ChessBase"]
[SourceDate "2003.11.25"]
[SourceVersion "1"]
[SourceVersionDate "2003.11.25"]
[SourceQuality "1"]

1. e4 d5 2. exd5 Qxd5 3. Nc3 Qa5 4. d4 Nf6 5. Nf3 Bg4 6. h3 Bh5 7. g4 Bg6 8. Ne5 Nbd7 9. Nc4 Qa6 10. Bf4 Qe6+ 11. Ne3 Ne4 12. Nb5 0-0-0 13. Bxc7 a6 14. Bxd8 Kxd8 15. Nc3 Nxc3 16. bxc3 Qc6 17. Bg2 Qxc3+ 18. Kf1 b6 19. Bf3 e6 20. Kg2 Bd6 21. Qe2 1-0